| 000 | 01073pam a2200313 a 4500 | ||
|---|---|---|---|
| 001 | 9996 | ||
| 003 | FISKH | ||
| 005 | 20260325082503.0 | ||
| 008 | 961205s1998 ohuab d b 001 0 eng | ||
| 010 | _a 96040252 | ||
| 020 |
_a053865208X _qhardcover |
||
| 020 | _a9780078306945 | ||
| 035 | _a4945863 | ||
| 040 |
_aDLC _cDLC _dDLC _beng |
||
| 050 | 0 | 0 |
_aQH308.7 _b.L46 1998 |
| 082 | 0 | 0 |
_a570 _221 |
| 100 | 1 |
_aLeonard, William H., _d1941- |
|
| 245 | 1 | 0 |
_aBiology : _ba community context / _cWilliam H. Leonard, John E. Penick. |
| 260 |
_aCincinnati : _bSouth-Western Educational Pub., _c1998. |
||
| 300 |
_a576 pages : _bcolor illustrations ; maps ; _c26 cm |
||
| 504 | _aIncludes bibliographical references and index. | ||
| 520 | _aAn overview of the field of biology, including such topics as matter and energy, ecosystems, populations, and genetics. | ||
| 650 | 0 |
_aBiology _xJuvenile literature. |
|
| 650 | 1 | _aBiology. | |
| 700 | 1 |
_aPenick, John E. _eillustrator |
|
| 906 |
_a7 _bcbc _corignew _d1 _eocip _f19 _gy-gencatlg |
||
| 942 |
_2ddc _cBK _n0 |
||
| 999 |
_c9996 _d9996 |
||